Random Knowledge Quiz #56 - Statistics

General Stats
  • This quiz has been taken 178 times
  • The average score is 8 of 15
Answer Stats
Question Answer % Correct
Fill in these lyrics: If you wanna be my _______, you gotta get with my friends Lover
88%
What band was Harry Styles in before his solo career? One Direction
88%
In the movie Cast Away, Tom Hank's character's only friend is called Wilson. What is Wilson? A volleyball
80%
Fill in this list: Gryffindor, Slytherin, Ravenclaw, and... what? Hufflepuff
76%
Who is next in line to the British throne after King Charles III? Prince William
73%
From what is the Japanese spirit Sake made? Rice
66%
From which country does the popular cheese Gouda originate from? Netherlands
60%
What does a cartomancer use to predict future? Playing cards
56%
What is the currency of Denmark? The Danish krone
44%
Who does James Michael Tyler play in Friends? Gunther
41%
Who is the composer behind the soundtracks of The Lion King, Inception, and Pirates of the Caribbean? Hans Zimmer
38%
Which actor - also known from The Crown - played the Eleventh Doctor in Doctor Who? Matt Smith
29%
The term 'Velvet Divorce' is sometimes used to reference the dissolution of what country in 1993? Czechoslovakia
27%
What is the Apgar score used to evaluate the health of? Newborn babies
24%
If you have a glossectomy, what is removed from your body? Tongue
22%
No matching quizzes found
Score Distribution
Percent of People with Each Score
Percentile by Number Answered
Your Score History
You have not taken this quiz